000
00266nam a2200109Ia 4500
008
230907s9999||||xx |||||||||||||| ||und||
082
_a
697.93
_b
ASH
245
0
_a
Ashrae guideline 0-2013 :
260
_a
ASHRAE,
_b
Atlanta, GA :
_c
2013
300
_a
65 p.
942
_c
BK
999
_c
599515
_d
599515